000 00672nam a2200241Ia 4500
001 dia_7040
003 CHAP
008 220117s1973 xx 000 0 und d
010 _a178293
040 _cCHAP
090 _aF 375 1973
100 _aRiojas G., Enrique
_9162875
245 _aVariedades mexicanas de cebada /
_c Enrique Riojas G.
260 _aMéxico :
_b SAG. Instituto Nacional de Investigaciones Agrícolas,
_c1973
300 _a20 p.
440 _aFolleto de divulgación ; 49
_9162876
901 _aF 375 1973
902 _aM
905 _a0000001973 MX 0000000000SPA00
942 _c12
942 _c12
999 _c178293
_d178293